| 000 | 00523nam a22001937a 4500 | ||
|---|---|---|---|
| 005 | 20251108165213.0 | ||
| 008 | 250721s1996 xx 000 0 eng d | ||
| 082 | 1 | 4 | _aJ/632/GRE |
| 100 | 1 | _ab . bishay, asham | |
| 245 | 1 | 4 | _aThe Great Pyramid and the Sphinx / |
| 264 | 1 |
_abeirut : _blibrairie du liban, _c1996. |
|
| 300 | _a32P. | ||
| 490 | 0 | _aBUTTERFLY BOOKS | |
| 650 | 1 | 7 | _aSPHINX |
| 650 | 1 | 7 | _aANCINT EGYPTION HISTORY SPHINX |
| 653 | _aناشاون صغار (10-14)سنه | ||
| 942 |
_2ddc _cBK |
||
| 999 |
_c22047 _d22047 |
||